01860nam a2200373 a 4500001001000000003000400010005001700014008004100031040002500072082002000097100004200117245011600159260005200275300002100327490002400348500006400372500007400436504003100510590002600541600003700567600003700604650003600641650003100677700004600708830003000754910003700784942001400821952013200835952013200967952013201099952011701231952012301348999001501471000008514OSt20260321073638.0090917s1995 dr 000 f spa d aDO-SdBNPbspacBNPHU aRD863.44bB742G1 aGarcía Cuevas, Eugenio de J.92284410aJuan Bosch :bnovela, historia y sociedad /cEugenio de J. García Cuevas ; prólogo Iván Salvá Méndez. aSanto Domingo :bIsla Negra,bHojarasca,c1995. a230 p. ;c20 cm.1 aVisiones y cegueras aIncluye datos biográficos del autor en la contracubierta. aIncluye referencias bibliográficas y notas al pie de las páginas. aBibliografía: p. 203-230 aInventariado, 2020/VM10a Bosch, Juan, d1909-200197655510a Bosch, Juan, d1909-2001976555 4aPolítica en literatura922846 0aLiteratura dominicana.96712aSalvá Méndez, Iván,epról.922847 0aVisiones y cegueras91120 aValidado. Control de calidad MFF 2ddccLBS1 001054708DSaGRbGRcHDd2009-11-13iLF1l0oRD863.44 B742Gp8514-30r2020-06-25te. 3w2020-06-25yLFDSZPréstamo en sala 001054708DSaGRbGRcHDd2009-11-13iLF1l0oRD863.44 B742Gp8514-40r2020-06-25te. 4w2020-06-25yLFDSZPréstamo en sala 001054708DSaGRbGRcHDd2014-02-05iLF1l0oRD863.44 B742Gp8514-50r2020-06-25te. 5w2020-06-25yLFDSZPréstamo en sala 0010718PDaPDbPDcHDd2009-09-17iLF1l0oRD863.44 B742Gp8514-10r2020-06-25w2020-06-25yLFPDZNo se presta 0010718PDaPDbPDcHDd2009-11-13iLF1l0oRD863.44 B742Gp8514-20r2020-06-25te. 2w2020-06-25yLFPDZNo se presta c8284d8284